El cronista indio Felipe Huaman Poma de Ayala
Tallennettuna:
| Päätekijä: | |
|---|---|
| Aineistotyyppi: | Kirja |
| Kieli: | espanja |
| Julkaistu: |
Lima
Lumen
1948
|
| Aiheet: | |
| Tagit: |
Lisää tagi
Ei tageja, Lisää ensimmäinen tagi!
|
MARC
| LEADER | 00000nam a2200000 a 4500 | ||
|---|---|---|---|
| 001 | UCX1669 | ||
| 003 | CL-VaPUC | ||
| 008 | 901015e19480000PE |||||||||||||||||spa|d | ||
| 082 | 0 | 4 | |a 985.03 |b POR |2 21 |
| 100 | 0 | |a Porras Barrenechea, Raúl |e author |9 317251 | |
| 245 | 1 | 3 | |a El cronista indio Felipe Huaman Poma de Ayala |
| 300 | |a 80 p | ||
| 942 | |c BK | ||
| 945 | |d 19901015 00:00:00 | ||
| 260 | |a Lima |b Lumen |c 1948 | ||
| 600 | 0 | 7 | |a GUAMAN POMA DE AYALA, FELIPE |2 CL-VaPUC |9 257451 |
| 650 | 0 | |a Biografías |9 255210 | |
| 650 | 0 | |a Crítica e interpretación |9 255042 | |
| 583 | |a last modification |c 20150113 05:19:40 |k Rodrigo Vera | ||
| 999 | |c 222849 |d 222847 | ||
| 952 | |0 0 |1 0 |4 0 |6 985_030000000000000_POR_1948 |7 0 |8 X |9 218113 |a BIBHIS |b BIBHIS |d 2019-11-15 |i 2869616 |o 985.03 POR 1948 |p 2869616 |r 2024-01-30 |w 2019-11-15 |y BK_X |k HIS | ||